000
00327nam a2200145Ia 4500
008
221030s9999 xx 000 0 und d
041
_a
English
082
_a
105.23
_b
Ber
100
_a
M. S. Berde
245
0
_a
Thyristor Engineering
260
_b
Khanna Pub.
_a
New Delhi
_c
1995
300
_a
712
650
_a
EE
942
_c
BK
999
_c
1491
_d
1491